| 000 | 00564nam a2200193 a 4500 | ||
|---|---|---|---|
| 001 | 5984 | ||
| 003 | CDMR | ||
| 005 | 20141103162401.0 | ||
| 008 | 130220s2005||||||||||||||||||||||||||||d | ||
| 020 | _a8497415647 | ||
| 040 |
_aCDMR _bcat _cCDMR |
||
| 100 | 1 |
_92992 _aCadena, Josep M. _d1935- _q(Josep Maria) |
|
| 245 | 1 | 3 |
_aEl Perich _b: humor sin concesiones (1941 - 1995) _cJosep M. Cadena |
| 260 |
_aBarcelona _bEl Jueves _c2005 |
||
| 300 |
_a247 p ; _c25 cm |
||
| 650 | 0 | 4 |
_aPeriodistes catalans _vBiografia _93139 |
| 650 | 0 | 4 |
_aHumorisme grà fic _93084 |
| 942 |
_cMON _2udc |
||
| 999 |
_c5984 _d5984 |
||